Njurnbergskij process : sbornik materialov. Tom 1 /

Uložené v:
Podrobná bibliografia
Ďalší autori: Goršenin, Konstantin Petrovič, 1909- (Editor)
Médium: Kniha
Jazyk:Russian
Vydané: Moskva : Gosudarstvennoje izdatel´stvo juridičeskoj literatury, /, 1952.
Vydanie:1. izd.
ISBN: (viaz.)
Fyzický popis: xxiv, 831 s., [41] s. obr. príl. : il.
Tagy: Pridať tag
Žiadne tagy, Buďte prvý kto otaguje tento záznam!

MARC

LEADER 00000nam a2200000 i 4500
001 000557173
005 20170830160651.0
008 150824 1952 ru e rus d
020 |a (viaz.)  |c Kčs 75,00 
040 |a SVKKK  |b slo  |c SVKKK  |e AACR2 
041 0 |a rus 
044 |a ru  |c RU 
245 0 0 |a Njurnbergskij process :  |b sbornik materialov.  |n Tom 1 /  |c pod redakcijej K.P. Goršenina ... [et al.]. 
250 |a 1. izd. 
260 |a Moskva :  |b Gosudarstvennoje izdatel´stvo juridičeskoj literatury, /,  |c 1952. 
300 |a xxiv, 831 s., [41] s. obr. príl. :  |b il. 
700 1 |a Goršenin, Konstantin Petrovič,  |d 1909-  |4 edt 
910 |a svkkk 
998 |a BK 
090 |g SCKHL  |k Sklad Pribinova 1. posch.  |a IV.2230  |j 1207  |i 2720429376  |s Prezenčne